书目信息 |
| 题名: |
补偿的正义
|
|
| 作者: | 范伯格 著 ;孙伟 译 | |
| 分册: | ||
| 出版信息: | 北京 法律出版社 2013 |
|
| 页数: | 193页 | |
| 开本: | 23cm | |
| 丛书名: | 北仲争议解决新视野译丛 | |
| 单 册: | ||
| 中图分类: | D971.234 | |
| 科图分类: | ||
| 主题词: | 赔偿--法律--研究--美国 , 赔偿 , 法律 | |
| 电子资源: | ||
| ISBN: | 978-7-5118-5413-1 | |
| 000 | 01396nam0 2200313 450 | |
| 001 | 523 | |
| 005 | 20140908110601.57 | |
| 010 | @a978-7-5118-5413-1@dCNY40.00 | |
| 100 | @a20140107d2013 em y0chiy50 ea | |
| 101 | 1 | @achi@ceng |
| 102 | @aCN@b110000 | |
| 105 | @aa z 001yy | |
| 106 | @ar | |
| 200 | 1 | @a补偿的正义@ABu Chang De Zheng Yi@e美国如何应对灾难@EMei Guo Ru He Ying Dui Zai Nan@dWho gets what@efair compensation after tragedy and financial upheaval@f(美)肯尼斯·R. 范伯格(Kenneth R. Feinberg)著@F( Mei ) Ken Ni Si· R. Fan Bo Ge (Kenneth R. Feinberg) Zhu@g孙伟[等]译@zeng |
| 210 | @a北京@c法律出版社@d2013 | |
| 215 | @a193页@c照片@d23cm | |
| 225 | 2 | @a北仲争议解决新视野译丛@f林志炜主编 |
| 330 | @a本书真实地反映了范伯格先生作为特别主事人处理越战橙剂事件、“9·11”恐怖袭击事件、弗吉尼亚理工大学枪击案、墨西哥湾漏油事故以及担任“薪酬沙皇”在2008年金融危机中处理华尔街高管薪酬问题的过程。 | |
| 461 | 0 | @12001 @a北仲争议解决新视野译丛 |
| 510 | 1 | @aWho gets what@efair compensation after tragedy and financial upheaval@zeng |
| 517 | 1 | @a美国如何应对灾难@AMei Guo Ru He Ying Dui Zai Nan |
| 606 | 0 | @a赔偿@x法律@x研究@y美国 |
| 606 | 0 | @a赔偿 |
| 606 | 0 | @a法律 |
| 690 | @aD971.234@v5 | |
| 701 | 0 | @c(美)@a范伯格@AFan Bo Ge@c(Feinberg, Kenneth R.)@4著 |
| 702 | 0 | @a孙伟@ASun Wei@c(法律)@4译 |
| 801 | 0 | @aCN@bTANGWEI@c20140603 |
| 905 | @b0839140-42@dD971.234@e99@f3 | |
| 补偿的正义:美国如何应对灾难=Who gets what:fair compensation after tragedy and financial upheaval/(美)肯尼斯·R. 范伯格(Kenneth R. Feinberg)著/孙伟[等]译.-北京:法律出版社,2013 |
| 193页:照片;23cm.-(北仲争议解决新视野译丛/林志炜主编) |
| ISBN 978-7-5118-5413-1:CNY40.00 |
| 本书真实地反映了范伯格先生作为特别主事人处理越战橙剂事件、“9·11”恐怖袭击事件、弗吉尼亚理工大学枪击案、墨西哥湾漏油事故以及担任“薪酬沙皇”在2008年金融危机中处理华尔街高管薪酬问题的过程。 |
| ● |
| 相关链接 |
|
|
|
|
正题名:补偿的正义
索取号:D971.234/99
 
预约/预借
| 序号 | 登录号 | 条形码 | 馆藏地/架位号 | 状态 | 备注 |
| 1 | 0839140 | 208391408 | 第一样本阅览室/ [索取号:D971.234/99] | 在馆 | |
| 2 | 0839141 | 208391417 | 密集书库-史法系/ [索取号:D971.234/99] | 在馆 | |
| 3 | 0839142 | 208391426 | 第一借阅区/ [索取号:D971.234/99] | 在馆 |